El Colegio Máximo de San Pedro y San Pablo (Record no. 3526)

MARC details
000 -CABECERA
campo de control de longitud fija 01003nam a2200265 a 4500
001 - NÚMERO DE CONTROL
campo de control BRCA_3797
005 - FECHA Y HORA DE LA ÚLTIMA TRANSACCIÓN
campo de control 20190320204428.0
008 - DATOS DE LONGITUD FIJA--INFORMACIÓN GENERAL
campo de control de longitud fija 151109s1951----mx-a---###---#000-0#spa-#
041 ## - CÓDIGO DE LENGUA
Código de lengua del texto/banda sonora o título independiente spa
044 ## - CÓDIGO DEL PAÍS DE LA ENTIDAD EDITORA/PRODUCTORA
Código MARC del país mx
050 #4 - SIGNATURA TOPOGRÁFICA DE LA BIBLIOTECA DEL CONGRESO
Número de clasificación NA4232.M4
Número de documento/Ítem .D53 1951
100 1# - ENTRADA PRINCIPAL--NOMBRE DE PERSONA
Nombre de persona Díaz y de Ovando, Clementina.
9 (RLIN) 9893
245 10 - MENCIÓN DE TÍTULO
Título El Colegio Máximo de San Pedro y San Pablo
Mención de responsabilidad, etc. Clementina Díaz y de Ovando.
260 ## - PUBLICACIÓN, DISTRIBUCIÓN, ETC.
Lugar de publicación, distribución, etc. México
Nombre del editor, distribuidor, etc. UNAM, Instituto de Investigaciones Estéticas
Fecha de publicación, distribución, etc. 1951
300 ## - DESCRIPCIÓN FÍSICA
Extensión 176 p.
Otras características físicas il. , 35 láminas
Dimensiones 20 cm.
440 #0 - MENCIÓN DE SERIE/PUNTO DE ACCESO ADICIONAL--TÍTULO
Título Ediciones del iv Centenario de la Universidad de México
Designación de volumen o secuencia 6
9 (RLIN) 9894
500 ## - NOTA GENERAL
Nota general Incluye índice de materias, apéndices e ilustraciones.
500 ## - NOTA GENERAL
Nota general B156
504 ## - NOTA DE BIBLIOGRAFÍA, ETC.
Nota de bibliografía, etc. Bibliografía: p. 169-171.
610 24 - PUNTO DE ACCESO ADICIONAL DE MATERIA--NOMBRE DE ENTIDAD CORPORATIVA
Nombre de entidad corporativa o nombre de jurisdicción como elemento de entrada Real Colegio de San Pedro, San Pablo y San Ildefonso (Ciudad de México)
9 (RLIN) 9895
650 14 - PUNTO DE ACCESO ADICIONAL DE MATERIA--TÉRMINO DE MATERIA
Término de materia o nombre geográfico como elemento de entrada Arquitectura
Subdivisión geográfica México.
9 (RLIN) 596
650 14 - PUNTO DE ACCESO ADICIONAL DE MATERIA--TÉRMINO DE MATERIA
Término de materia o nombre geográfico como elemento de entrada Real Colegio de San Pedro, San Pablo y San Idelfonso
Subdivisión geográfica (Ciudad de México).
9 (RLIN) 9896
902 ## - CATALOGADOR
Iniciales GFM
942 ## - ELEMENTOS DE PUNTO DE ACCESO ADICIONAL (KOHA)
Fuente del sistema de clasificación o colocación Library of Congress Classification
Tipo de ítem Koha Libros
Holdings
Estado de retiro Estado de pérdida Estado dañado No para préstamo Localización permanente Ubicación/localización actual Fecha de adquisición Número de inventario Total de préstamos Signatura topográfica completa Código de barras Fecha visto por última vez Precio válido a partir de Tipo de ítem Koha
El ejemplar forma parte de la colección y puede ser consultado según las políticas vigentes.       Biblioteca del Museo Franz Mayer (Rogerio Casas-Alatriste) Biblioteca del Museo Franz Mayer (Rogerio Casas-Alatriste) 15/11/2009 B156   NA4232.M4 .D53 1951 (B156) 3794 22/03/2019 22/03/2019 Libros